| 000 | 00618nam a2200157 i 4500 | ||
|---|---|---|---|
| 001 | 93830 | ||
| 003 | ES-MaACL | ||
| 005 | 20230906181327.0 | ||
| 007 | t| | ||
| 008 | 050420s1943 sp ||||1| spa d | ||
| 100 | 1 |
_aLópez Martínez, Celestino. _973757 |
|
| 245 | 1 | 3 |
_aEl escultor y arquitecto Juan de Oviedo y de la Bandera, 1565-1625 _b: discurso de ingreso en la Real Academia Sevillana de Bellas Artes de Sta. Isabel de Hungría, el 20 de Junio de 1943 / _cpor Celestino López Martínez. |
| 260 |
_aSevilla : _bImprenta San Antonio, _c1943. |
||
| 300 |
_a66 p. ; _c22 cm. |
||
| 852 |
_aES-MaACL _j1844-F-6 _bR.20926 |
||
| 999 |
_c93830 _d93830 |
||